000 00791cab a2200241 4500
001 ABS50643
008 090401t1994 xxu||||| |||| 00| 0 eng d
035 _a(Sirsi) u76836
041 _aeng
100 _aMiller, C.E.
245 _aPlanning, pollution and risk: findings of recent research
260 _c1994
350 _a0
490 _aTown Planning Review
_v65(2) April 1994, 127-141(15)
520 _aDevelops a model to explain the continued conflict between planning authorities and pollution control agencies within the planning system.
650 _aENVIRONMENTAL PROTECTION
650 _aPLANNING CONTROL
650 _aPOLLUTION CONTROL
690 _aENVIRONMENTAL AND LAND CONSULTANCY
690 _aPLANNING LAW AND PRACTICE
942 _n0
948 _c04/03/1997
999 _c48273
_d48273